[Event "Rondonia-ch 2nd"]
[Site "Porto Velho"]
[Date "2016.04.21"]
[Round "1"]
[White "Da Silva, Jefferson Rian Ferr"]
[Black "Da Silva, Jaderson Ferreira"]
[Result "1-0"]
[WhiteElo "1942"]
[BlackElo "1605"]
[PlyCount "31"]
[EventDate "2016.04.21"]
[EventType "tourn"]
[EventRounds "9"]
[EventCountry "BRA"]
[SourceTitle "EXT 2022"]
[Source "ChessBase"]
[SourceDate "2021.10.06"]
[SourceVersion "1"]
[SourceVersionDate "2021.10.06"]
[SourceQuality "1"]

1. e4 e5 2. Bc4 Nf6 3. d3 Bc5 4. Ne2 Nc6 5. 0-0 d6 6. Bg5 Bd7 7. Kh1 Qe7 8. f4 h6 9. Bxf6 gxf6 10. fxe5 fxe5 11. Bxf7+ Kd8 12. Nbc3 Be6 13. Nd5 Bxd5 14. Bxd5 Kd7 15. Rf7 Raf8 16. Rxe7+ 1-0

[Event "Porto Velho IRT"]
[Site "Porto Velho"]
[Date "2013.12.21"]
[Round "6.4"]
[White "Leao, Adriano Santos"]
[Black "Da Silva, Jaderson Ferreira"]
[Result "1-0"]
[WhiteElo "1843"]
[BlackElo "1657"]
[PlyCount "85"]
[EventDate "2013.12.18"]
[EventType "tourn"]
[EventRounds "9"]
[EventCountry "BRA"]
[SourceTitle "EXT 2022"]
[Source "ChessBase"]
[SourceDate "2021.10.06"]
[SourceVersion "1"]
[SourceVersionDate "2021.10.06"]
[SourceQuality "1"]

1. e4 e5 2. Bc4 d6 3. d4 exd4 4. Qxd4 Nc6 5. Bb5 Bd7 6. Bxc6 Bxc6 7. Nc3 Nf6 8. f3 Be7 9. Bg5 Qd7 10. 0-0-0 0-0-0 11. Qxa7 b6 12. Rd4 Bb7 13. Ra4 h6 14. Be3 Qc6 15. Nge2 d5 16. exd5 Nxd5 17. Nxd5 Qxd5 18. Nc3 Qe5 19. Bf4 Qe6 20. Re4 Qf6 21. Rc4 Bd6 22. Bxd6 Qxd6 23. Rd1 Qxh2 24. Nd5 Rxd5 25. Rxd5 Qg1+ 26. Rd1 Qxg2 27. Qa3 Bxf3 28. Qe7 Qg3 29. Rc3 g5 30. Qxf7 g4 31. a4 Qe5 32. a5 Qxa5 33. Ra3 Qg5+ 34. Kb1 Bxd1 35. Ra8+ Kb7 36. Rxh8 Qd2 37. Qc4 g3 38. Rh7 Qd6 39. Qe4+ Qc6 40. Qxc6+ Kxc6 41. Rxh6+ Kd5 42. Rg6 g2 43. Rxg2 1-0

[Event "Porto Velho IRT"]
[Site "Porto Velho"]
[Date "2013.12.20"]
[Round "5"]
[White "Da Silva, Jaderson Ferreira"]
[Black "Da Silva, Jefferson Rian Ferr"]
[Result "0-1"]
[WhiteElo "1657"]
[BlackElo "1990"]
[PlyCount "82"]
[EventDate "2013.12.18"]
[EventType "tourn"]
[EventRounds "9"]
[EventCountry "BRA"]
[SourceTitle "EXT 2022"]
[Source "ChessBase"]
[SourceDate "2021.10.06"]
[SourceVersion "1"]
[SourceVersionDate "2021.10.06"]
[SourceQuality "1"]

1. e4 Nf6 2. e5 Nd5 3. c4 Nb6 4. d4 d5 5. c5 N6d7 6. e6 fxe6 7. Bd3 Nf6 8. Nf3 c6 9. Ne5 Qa5+ 10. Bd2 Qc7 11. 0-0 Nbd7 12. f4 Nxe5 13. fxe5 Ne4 14. Qh5+ g6 15. Qf3 b6 16. Qf7+ Kd7 17. Bb4 a5 18. Ba3 bxc5 19. Bxc5 Nxc5 20. dxc5 Qxe5 21. Nc3 Ba6 22. Bxa6 Rxa6 23. Rae1 Qd4+ 24. Qf2 Qxf2+ 25. Rxf2 Bg7 26. Na4 Bd4 27. b3 Rf8 28. Ref1 Rxf2 29. Rxf2 Bxf2+ 30. Kxf2 Ra7 31. Nb6+ Ke8 32. Ke3 e5 33. Nc8 Rb7 34. Nb6 Kd8 35. g4 h6 36. a3 Rxb6 37. cxb6 Kc8 38. Kd3 Kb7 39. b4 Kxb6 40. bxa5+ Kxa5 41. Kc3 Ka4 0-1

[Event "Porto Velho Taca"]
[Site "Porto Velho"]
[Date "2013.08.17"]
[Round "4.1"]
[White "Da Silva, Jaderson Ferreira"]
[Black "Da Silva, Ezequias Damasceno"]
[Result "1/2-1/2"]
[WhiteElo "1681"]
[BlackElo "1800"]
[PlyCount "30"]
[EventDate "2013.08.16"]
[EventType "swiss"]
[EventRounds "9"]
[EventCountry "BRA"]
[SourceTitle "EXT 2022"]
[Source "ChessBase"]
[SourceDate "2021.10.06"]
[SourceVersion "1"]
[SourceVersionDate "2021.10.06"]
[SourceQuality "1"]

1. e4 e5 2. Nf3 Nc6 3. Bb5 Nf6 4. 0-0 Bc5 5. c3 a6 6. Ba4 b5 7. Bb3 d6 8. h3 Na5 9. d3 Nxb3 10. axb3 0-0 11. Bg5 h6 12. Bh4 c6 13. Nh2 g5 14. Bg3 Nh7 15. Qh5 Kg7 1/2-1/2

[Event "Porto Velho Taca"]
[Site "Porto Velho"]
[Date "2013.08.16"]
[Round "1.1"]
[White "Da Silva, Jefferson Rian Ferr"]
[Black "Da Silva, Jaderson Ferreira"]
[Result "1-0"]
[WhiteElo "1979"]
[BlackElo "1681"]
[PlyCount "161"]
[EventDate "2013.08.16"]
[EventType "swiss"]
[EventRounds "9"]
[EventCountry "BRA"]
[SourceTitle "EXT 2022"]
[Source "ChessBase"]
[SourceDate "2021.10.06"]
[SourceVersion "1"]
[SourceVersionDate "2021.10.06"]
[SourceQuality "1"]

1. e4 e5 2. Nf3 Nc6 3. Bb5 Nf6 4. 0-0 Bc5 5. c3 Nxe4 6. d4 exd4 7. Re1 d5 8. Nxd4 Bxd4 9. Qxd4 0-0 10. Bxc6 bxc6 11. f3 Nd6 12. Bf4 Bf5 13. Nd2 Re8 14. Qc5 Qd7 15. Nb3 Nc4 16. Qf2 a5 17. Nc5 Qd8 18. Rxe8+ Qxe8 19. Bxc7 Qe3 20. Qxe3 Nxe3 21. Kf2 Nc2 22. Rc1 a4 23. g4 Bg6 24. f4 a3 25. b3 d4 26. f5 Ne3 27. fxg6 fxg6 28. h3 Nd5 29. Be5 Rf8+ 30. Ke2 Nxc3+ 31. Rxc3 dxc3 32. Bxc3 Re8+ 33. Kf3 Rf8+ 34. Ke2 Re8+ 35. Kf3 Rf8+ 36. Kg3 Re8 37. Bb4 Re2 38. Bxa3 Rxa2 39. Bc1 Rc2 40. Be3 Rc3 41. Kf4 Kf7 42. Ke4 Ke7 43. h4 Kd6 44. Nb7+ Kc7 45. Na5 c5 46. Bf4+ Kb6 47. Nc4+ Kc6 48. Nd2 Kb5 49. Be5 Rc2 50. Kd3 Rc1 51. Bxg7 Rg1 52. g5 Rh1 53. Nf3 Rh3 54. Ke4 Kb4 55. Bf8 Kxb3 56. Bxc5 Kc4 57. Bg1 Rg3 58. Ke3 Kd5 59. Kf4 Rg2 60. Be3 Ra2 61. Kg4 Ke4 62. Bf4 Rg2+ 63. Bg3 Ra2 64. Ne5 Ra4 65. Nd7 Kd5+ 66. Kf3 Ra3+ 67. Kg4 Ra4+ 68. Bf4 Kc6 69. Nf6 Ra7 70. Kf3 Rf7 71. Ke3 h5 72. Ke4 Re7+ 73. Kd4 Re1 74. Ne4 Rh1 75. Bg3 Rd1+ 76. Ke5 Ra1 77. Kf6 Ra6 78. Kxg6 Kd5+ 79. Nf6+ Ke6 80. Nxh5 Ke7+ 81. Kh7 1-0